Normal view
MARC view
Entry Personal Name
001 - CONTROL NUMBER
- control field: 1238294
003 - CONTROL NUMBER IDENTIFIER
- control field: OSt
005 - DATE AND TIME OF LATEST TRANSACTION
- control field: 20260430150723.0
008 - FIXED-LENGTH DATA ELEMENTS
- fixed length control field: 260430|| aca||aabn | a|a d
040 ## - CATALOGING SOURCE
- Original cataloging agency: OSt
- Transcribing agency: OSt
100 ## - HEADING--PERSONAL NAME
- Personal name: Mohammad Waseem Au.; Mohammad Alam Gu
670 ## - SOURCE DATA FOUND
- Source citation: Work cat.: (OSt)1850464: Mohammad Waseem Au.; Mohammad Alam Gu., Aazadi ke baad Urdu inshaiya ka mauzuati aur usloobiyati mutala, 2023
